| 000 | 00801nam a2200217Ia 4500 | ||
|---|---|---|---|
| 005 | 20250108125123.0 | ||
| 008 | 008 250107s9999 xx 000 0 hin d | ||
| 037 | _aTB | ||
| 040 |
_aCRL _bhin _cCRL |
||
| 041 |
_aguj _2hin |
||
| 084 | _aY68:7:7.2 152R3 | ||
| 084 | _qCRL | ||
| 100 | _aमोदी, नरेन्द्र, ले. | ||
| 245 | 0 |
_aअंखियॉं जै धन्य हतियैं । _cमोदी, नरेन्द्र, ले. |
|
| 260 |
_aदिल्ली, भारत _bस्वराज प्रकाशन _c3387 |
||
| 300 | _a106पृ0 | ||
| 365 |
_aINR _b1024 |
||
| 650 |
_aगुजराती कवितागुजराती साहित्य _9729942 |
||
| 942 |
_cTB _hY68:7:7.2 152R3 |
||
| 999 |
_c1235775 _d1235775 |
||